[Event "Jesenik op-B"]
[Site "Jesenik"]
[Date "2024.08.21"]
[Round "5"]
[White "Vaculik, Lubomir"]
[Black "Basler, Josef Jan"]
[Result "1/2-1/2"]
[WhiteElo "1834"]
[BlackElo "1674"]
[PlyCount "76"]
[EventDate "2024.08.17"]
[EventType "swiss"]
[EventRounds "9"]
[EventCountry "CZE"]
[SourceTitle "EXT 2025"]
[Source "ChessBase"]
[SourceDate "2024.10.14"]
[SourceVersion "1"]
[SourceVersionDate "2024.10.14"]
[SourceQuality "1"]

1. Nf3 Nf6 2. c4 e6 3. Nc3 d5 4. g3 Be7 5. Bg2 c6 6. b3 Nbd7 7. e3 Nb6 8. Qe2 a5 9. 0-0 a4 10. Bb2 0-0 11. d4 a3 12. Bc1 dxc4 13. bxc4 c5 14. Rd1 Na4 15. Nxa4 Rxa4 16. Qd3 cxd4 17. exd4 b6 18. Ne5 Bd7 19. c5 bxc5 20. dxc5 Bxc5 21. Nxd7 Rd4 22. Nxc5 Rxd3 23. Rxd3 Qb6 24. Be3 Ng4 25. Nb3 Qb5 26. Rad1 Nxe3 27. Rxe3 Qc4 28. Red3 Qc2 29. R3d2 Qc3 30. Rc1 Qe5 31. Bf3 f5 32. Re2 Qd6 33. Rce1 Re8 34. Re3 e5 35. Rd1 Qg6 36. Bd5+ Kf8 37. Nc5 Qd6 38. Ne6+ Rxe6 1/2-1/2

[Event "Kouty nad Desnou op-A"]
[Site "Kouty nad Desnou"]
[Date "2024.03.15"]
[Round "8"]
[White "Vondra, Filip"]
[Black "Basler, Josef Jan"]
[Result "1-0"]
[WhiteElo "1596"]
[BlackElo "1677"]
[PlyCount "63"]
[EventDate "2024.03.09"]
[EventType "swiss"]
[EventRounds "9"]
[EventCountry "CZE"]
[SourceTitle "CBM 219 Extra"]
[Source "ChessBase"]
[SourceDate "2024.05.31"]
[SourceVersion "1"]
[SourceVersionDate "2024.05.31"]
[SourceQuality "1"]

1. e4 c5 2. Nf3 g6 3. c4 Bg7 4. d4 cxd4 5. Nxd4 Nc6 6. Be3 Nf6 7. Nc3 0-0 8. Be2 e6 9. Nb3 b6 10. 0-0 Bb7 11. f3 Qe7 12. c5 Qd8 13. Nb5 d5 14. cxd6 Qd7 15. Qd2 Ba6 16. Rac1 Rac8 17. Rfd1 Rfd8 18. Bg5 Ne5 19. a4 Rxc1 20. Rxc1 h5 21. Rc7 Bxb5 22. Rxd7 Bxd7 23. Bxf6 Bxf6 24. f4 Nc6 25. e5 Bg7 26. Nd4 Na5 27. b4 Nb7 28. Ba6 Rb8 29. Bxb7 Rxb7 30. b5 f6 31. Nc6 fxe5 32. fxe5 1-0

[Event "Kouty nad Desnou op-A"]
[Site "Kouty nad Desnou"]
[Date "2024.03.14"]
[Round "7"]
[White "Basler, Josef Jan"]
[Black "Stary, Simon"]
[Result "0-1"]
[WhiteElo "1677"]
[BlackElo "1853"]
[PlyCount "80"]
[EventDate "2024.03.09"]
[EventType "swiss"]
[EventRounds "9"]
[EventCountry "CZE"]
[SourceTitle "CBM 219 Extra"]
[Source "ChessBase"]
[SourceDate "2024.05.31"]
[SourceVersion "1"]
[SourceVersionDate "2024.05.31"]
[SourceQuality "1"]

1. c4 Nf6 2. Nc3 g6 3. Nf3 Bg7 4. d4 0-0 5. Bf4 d6 6. e3 Nbd7 7. Be2 Re8 8. Qc2 e5 9. dxe5 dxe5 10. Bg3 c6 11. b4 Nh5 12. Bh4 Qc7 13. Nd2 Nhf6 14. Bg3 a5 15. b5 Nc5 16. Rc1 Nfd7 17. e4 Ne6 18. Qb1 a4 19. 0-0 Ndc5 20. Nf3 Nf4 21. Rfd1 Nxe2+ 22. Nxe2 Bg4 23. Kf1 Bxf3 24. gxf3 Ne6 25. Rc3 Qe7 26. Rcd3 Nc5 27. Rd6 Red8 28. Rxd8+ Rxd8 29. Rxd8+ Qxd8 30. Nc3 h5 31. h4 Qd4 32. bxc6 bxc6 33. Qb4 Nd3 34. Qb8+ Kh7 35. Nxa4 Qxc4 36. Nb6 Qc1+ 37. Ke2 Qc2+ 38. Ke3 Bh6+ 39. f4 exf4+ 40. Kd4 Bg7+ 0-1

[Event "Kouty nad Desnou op-A"]
[Site "Kouty nad Desnou"]
[Date "2024.03.13"]
[Round "6"]
[White "Ptacek, Vladimir"]
[Black "Basler, Josef Jan"]
[Result "0-1"]
[WhiteElo "1531"]
[BlackElo "1677"]
[PlyCount "72"]
[EventDate "2024.03.09"]
[EventType "swiss"]
[EventRounds "9"]
[EventCountry "CZE"]
[SourceTitle "CBM 219 Extra"]
[Source "ChessBase"]
[SourceDate "2024.05.31"]
[SourceVersion "1"]
[SourceVersionDate "2024.05.31"]
[SourceQuality "1"]

1. e4 c5 2. c3 d5 3. exd5 Qxd5 4. d4 cxd4 5. Nf3 Nc6 6. Be3 Bg4 7. Be2 Rd8 8. cxd4 e6 9. Nc3 Qa5 10. 0-0 Bd6 11. d5 exd5 12. Bb5 a6 13. Bxc6+ bxc6 14. Re1 Ne7 15. h3 Bxf3 16. Qxf3 0-0 17. Bd2 Qc7 18. Re2 Ng6 19. Rae1 Ne5 20. Qg3 Nc4 21. Qg4 Nxd2 22. Rxd2 Rde8 23. Rxe8 Rxe8 24. Re2 Rxe2 25. Qxe2 Qc8 26. Qc2 Qe6 27. Kf1 h6 28. Ne2 Be5 29. Qc5 Bxb2 30. Qb6 Bf6 31. Qxa6 d4 32. a4 Qe4 33. Qc4 Qb1+ 34. Qc1 Qd3 35. Ke1 Qa6 36. Qc5 Qxa4 0-1